| 000 | 00362pab a2200133 454500 | ||
|---|---|---|---|
| 008 | 180718b1986 xxu||||| |||| 00| 0 eng d | ||
| 100 | _aHaque, T. | ||
| 245 | _aA perspective of agrarian change for and towards 2000 A.D. | ||
| 260 | _c1986 | ||
| 300 | _a10-13 | ||
| 650 | _aLand Tenure - India | ||
| 773 | _aIndian Review of Management & Future | ||
| 909 | _a12069 | ||
| 999 |
_c12069 _d12069 |
||